| 000 | 00689cab a2200241 4500 | ||
|---|---|---|---|
| 001 | ABS57875 | ||
| 008 | 090401t1997 xxu||||| |||| 00| 0 eng d | ||
| 035 | _a(Sirsi) u82364 | ||
| 041 | _aeng | ||
| 100 | _aCook, A. | ||
| 245 | 4 | _aThe meaning of life | |
| 260 | _c1997 | ||
| 350 | _a0 | ||
| 490 |
_aBuilding _v262(46) 21 November 1997, 82-85(4) |
||
| 520 | _aIn question and answer style describes life-cycle costing. Case study of the MoD`s Bristol HQ. | ||
| 650 | _aDEMOUNTABLE PARTITIONS | ||
| 650 | _aLIFE CYCLE ANALYSIS | ||
| 650 | _aLIFE CYCLE COSTING | ||
| 650 | _aWHOLE LIFE COSTS | ||
| 690 | _aBUILT ENVIRONMENT-BUILDING COSTS | ||
| 942 | _n0 | ||
| 948 | _c26/11/1997 | ||
| 999 |
_c51988 _d51988 |
||